Factors affecting Thailand NR production and supply up to the year 2000 (Record no. 59231)

MARC details
000 -LEADER
fixed length control field 00449nam a2200157Ia 4500
100 ## - MAIN ENTRY--AUTHOR NAME
Personal name Sincharoenkul V
245 #0 - TITLE STATEMENT
Title Factors affecting Thailand NR production and supply up to the year 2000
260 ## - PUBLICATION, DISTRIBUTION, ETC. (IMPRINT)
Name of publisher Kautschuk Gummi Kunststoffe
Year of publication 1998
300 ## - PHYSICAL DESCRIPTION
Number of Pages 623-625
650 ## - SUBJECT ADDED ENTRY--TOPICAL TERM
Topical Term NR latex consumption
650 ## - SUBJECT ADDED ENTRY--TOPICAL TERM
Topical Term Predictive production
650 ## - SUBJECT ADDED ENTRY--TOPICAL TERM
Topical Term Thailand
700 ## - ADDED ENTRY--PERSONAL NAME
Personal name Thainugul W
942 ## - ADDED ENTRY ELEMENTS (KOHA)
Koha item type Journals
Holdings
Withdrawn status Lost status Damaged status Not for loan Home library Current library Shelving location Date acquired Serial Enumeration / chronology Koha item type
      Journals RRII Library RRII Library Rubber chemistry 17/12/2021 Volume 51, Issue 9 Journals